[Event "English Online Blitz Gp2"]
[Site "chess.com INT"]
[Date "2020.05.09"]
[Round "4"]
[White "Robson, Adrian"]
[Black "Kalavannan, Koby"]
[Result "0-1"]
[BlackTitle "FM"]
[WhiteElo "1484"]
[BlackElo "2324"]
[WhiteFideId "1544659"]
[BlackFideId "425753"]
[EventDate "2020.05.09"]
[EventType "blitz"]

1. e4 c5 2. c3 Nf6 3. e5 Nd5 4. d4 cxd4 5. cxd4 d6 6. Nf3 Nc6 7. Bc4 Nb6 8. Bb3
d5 9. O-O Bg4 10. Be3 e6 11. h3 Bh5 12. Nbd2 Rc8 13. g4 Bg6 14. Ne1 h5 15. f4
hxg4 16. Qxg4 Bf5 17. Qg5 Be7 18. Qxg7 Kd7 19. Kf2 Rg8 20. Qh6 Bg6 21. f5 Bxf5
22. Nef3 Rh8 23. Qf4 Rxh3 24. Rh1 Nb4 25. Ke2 Bd3+ 26. Kf2 Bf1 27. Kg1 Qg8+ 28.
Ng5 Nd3 29. Qxf7 Rxe3 30. Qxg8 Rxg8 31. Kxf1 Rxg5 32. Rh7 Reg3 33. Ke2 Nf4+ 0-1

[Event "English Online Blitz Gp2"]
[Site "chess.com INT"]
[Date "2020.05.09"]
[Round "4"]
[White "Adair, James R"]
[Black "Rudd, Jack"]
[Result "1-0"]
[WhiteTitle "IM"]
[BlackTitle "IM"]
[WhiteElo "2450"]
[BlackElo "2331"]
[WhiteFideId "406252"]
[BlackFideId "405736"]
[EventDate "2020.05.09"]
[EventType "blitz"]

1. d4 d6 2. c4 e5 3. Nc3 exd4 4. Qxd4 Nc6 5. Qd2 g6 6. b3 Bg7 7. Bb2 Nf6 8. g3
O-O 9. Bg2 Re8 10. Nf3 Bg4 11. h3 Bf5 12. O-O Qc8 13. Kh2 Ne5 14. Nd4 Bd7 15.
Rae1 h5 16. Nd5 Nxd5 17. cxd5 f5 18. f4 Nf7 19. e4 fxe4 20. Rxe4 Rxe4 21. Bxe4
Bxh3 22. Re1 Bf5 23. Bxf5 gxf5 24. Qe2 Nh6 25. Qxh5 Qd7 26. Ne6 Ng4+ 27. Kg2
Bxb2 28. Qxf5 Nh6 29. Qg6+ Bg7 30. Rh1 Rf8 31. Rxh6 Rf6 32. Qh7+ 1-0

[Event "English Online Blitz Gp2"]
[Site "chess.com INT"]
[Date "2020.05.09"]
[Round "4"]
[White "Mortazavi, Ali"]
[Black "Harvey, Marcus R"]
[Result "0-1"]
[WhiteTitle "IM"]
[BlackTitle "FM"]
[WhiteElo "2333"]
[BlackElo "2440"]
[WhiteFideId "401323"]
[BlackFideId "400092"]
[EventDate "2020.05.09"]
[EventType "blitz"]

1. Nf3 Nf6 2. g3 b6 3. Bg2 Bb7 4. O-O e6 5. d3 c5 6. Nbd2 d5 7. Re1 Be7 8. e4
O-O 9. e5 Nfd7 10. Nf1 Nc6 11. Bf4 Qc7 12. h4 Rfc8 13. N1h2 Bf8 14. Ng4 Qd8 15.
c4 Ne7 16. Ng5 h6 17. Nf3 b5 18. b3 bxc4 19. bxc4 Nb6 20. Qc1 Nf5 21. Rd1 Qd7
22. Ne3 Nxe3 23. Bxe3 dxc4 24. dxc4 Qa4 25. Nd2 Bxg2 26. Kxg2 Rd8 27. Qc3 Rd7
28. Nb3 Rxd1 29. Rxd1 Qxc4 30. Qxc4 Nxc4 31. Bxc5 Nxe5 32. Bxf8 Kxf8 33. f4 Nc6
34. Rd7 Rc8 35. Rb7 h5 36. Nc5 a5 37. Nd7+ Kg8 38. Kf3 Nd4+ 39. Ke4 Nf5 40. Ne5
Nd6+ 0-1

[Event "English Online Blitz Gp2"]
[Site "chess.com INT"]
[Date "2020.05.09"]
[Round "4"]
[White "Barker, Arron"]
[Black "Golding, James"]
[Result "1-0"]
[WhiteElo "1847"]
[BlackElo "2067"]
[WhiteFideId "449490"]
[BlackFideId "427250"]
[EventDate "2020.05.09"]
[EventType "blitz"]

1. c4 e6 2. Nc3 d5 3. cxd5 exd5 4. d4 c5 5. Nf3 Nc6 6. Bf4 Nf6 7. e3 a6 8. h3
Be7 9. Be2 O-O 10. O-O Be6 11. Rc1 c4 12. Ne5 Rc8 13. Bf3 b5 14. Nxc6 Rxc6 15.
a3 Rc8 16. Qe2 Qb6 17. Be5 Rfd8 18. Rfd1 a5 19. e4 b4 20. exd5 bxc3 21. dxe6
cxb2 22. exf7+ Kxf7 23. Rb1 c3 24. Bxf6 Bxf6 25. Qc2 Bxd4 26. Qxh7 Bxf2+ 27. Kh1
c2 28. Bh5+ Kf8 29. Rxd8+ Qxd8 30. Qh8+ Ke7 31. Qxg7+ 1-0

[Event "English Online Blitz Gp2"]
[Site "chess.com INT"]
[Date "2020.05.09"]
[Round "4"]
[White "Paul, Nathanael"]
[Black "Lazarevic, Ljubica"]
[Result "1-0"]
[WhiteElo "1993"]
[BlackElo "1480"]
[WhiteFideId "424510"]
[BlackFideId "418765"]
[EventDate "2020.05.09"]
[EventType "blitz"]

1. d4 d5 2. Bf4 e6 3. e3 f5 4. Nd2 Nf6 5. c3 c6 6. h3 Bd6 7. Ngf3 Ne4 8. Ne5 O-O
9. Be2 Nd7 10. Ndf3 Ndf6 11. Qc2 c5 12. c4 Qa5+ 13. Kf1 Qd8 14. Rd1 cxd4 15.
Nxd4 Be7 16. a3 Bd7 17. b4 Rc8 18. Qb3 Ne8 19. c5 Nc7 20. f3 Nf6 21. Kf2 a6 22.
Rc1 Nb5 23. Bxb5 Bxb5 24. Nxe6 Qe8 25. Nxf8 Kxf8 26. Rhd1 Nh5 27. Qxd5 Nxf4 28.
exf4 Bf6 29. Re1 Qh5 30. Qxb7 Rd8 31. Rcd1 Qh4+ 32. Kg1 Qxf4 33. Qf7# 1-0

[Event "English Online Blitz Gp2"]
[Site "chess.com INT"]
[Date "2020.05.09"]
[Round "4"]
[White "Walton, Alan J"]
[Black "Roberson, Peter T"]
[Result "0-1"]
[WhiteTitle "CM"]
[BlackTitle "IM"]
[WhiteElo "2120"]
[BlackElo "2437"]
[WhiteFideId "409898"]
[BlackFideId "412384"]
[EventDate "2020.05.09"]
[EventType "blitz"]

1. d4 e6 2. e4 d5 3. Nc3 Nf6 4. Bg5 Be7 5. e5 Nfd7 6. h4 h6 7. Bxe7 Qxe7 8. Qg4
f6 9. Bd3 fxe5 10. Qh5+ Kd8 11. dxe5 Nc6 12. Nf3 Nc5 13. O-O-O Bd7 14. Bb5 Rf8
15. Nxd5 exd5 16. Rxd5 Kc8 17. e6 Nxe6 18. Rhd1 Nf4 19. Bxc6 bxc6 20. Re5 Qf6
21. Rxd7 Nxh5 22. Ree7 Qf4+ 23. Nd2 Nf6 24. Rd3 Nd5 25. Rf3 Qxf3 0-1

[Event "English Online Blitz Gp2"]
[Site "chess.com INT"]
[Date "2020.05.09"]
[Round "4"]
[White "Sygnowski, Tomasz"]
[Black "Brown, Tom"]
[Result "1-0"]
[WhiteElo "2143"]
[BlackElo "2005"]
[WhiteFideId "1115880"]
[BlackFideId "448001"]
[EventDate "2020.05.09"]
[EventType "blitz"]

1. e4 c6 2. d4 d5 3. exd5 cxd5 4. Bd3 Nc6 5. c3 Nf6 6. Bg5 g6 7. Nd2 Bg7 8. Ne2
h6 9. Bh4 Bf5 10. Nf3 Bxd3 11. Qxd3 O-O 12. O-O Ne4 13. Rfe1 g5 14. Bg3 f5 15.
Be5 e6 16. Bxg7 Kxg7 17. Nd2 Qb6 18. Rab1 Rac8 19. f3 Nd6 20. Kh1 Na5 21. Ng3
Rce8 22. Nh5+ Kg6 23. g4 Nac4 24. Nxc4 Nxc4 25. Qc2 Qd6 26. Ng3 Qf4 27. Qe2 Qd2
28. b3 Qxe2 29. Rxe2 Na3 30. Rbe1 f4 31. Nf5 Rf6 32. Nd6 Re7 33. c4 dxc4 34.
bxc4 a6 35. d5 b5 36. c5 e5 37. Rxe5 Rc7 38. Ne8 Rxc5 39. Nxf6 Kxf6 40. d6 Rxe5
41. Rxe5 1-0

[Event "English Online Blitz Gp2"]
[Site "chess.com INT"]
[Date "2020.05.09"]
[Round "4"]
[White "Damodaran, Patrick"]
[Black "Llewellyn, Alan M"]
[Result "1-0"]
[WhiteElo "1498"]
[BlackElo "1460"]
[WhiteFideId "465429"]
[BlackFideId "422479"]
[EventDate "2020.05.09"]
[EventType "blitz"]

1. e4 d6 2. d4 Nf6 3. Nc3 g6 4. Nf3 Bg7 5. Bg5 c6 6. Bd3 b5 7. a3 Nbd7 8. O-O
Bb7 9. Bh4 O-O 10. Bg3 a5 11. b3 b4 12. axb4 axb4 13. Rxa8 Bxa8 14. Ne2 c5 15.
d5 Ne8 16. Qd2 Nc7 17. Bf4 e5 18. dxe6 Nxe6 19. Bxd6 Nb6 20. Bxf8 Qxf8 21. Bb5
Nd4 22. Nexd4 cxd4 23. Nxd4 Bxe4 24. Qe3 Bxd4 25. Qxd4 Bxc2 26. Qxb6 Bxb3 27.
Re1 Be6 28. Ba4 b3 29. Bxb3 Bxb3 30. Qxb3 Kg7 31. Qc3+ f6 32. Qc7+ Kh6 33. Re7
Kg5 34. Qc5+ f5 35. h4+ Kf6 36. Re6+ Kg7 37. Qxf8+ Kxf8 38. h5 Kg7 39. hxg6 hxg6
40. Kh2 Kf7 41. Ra6 Kg7 42. Kg3 Kh6 43. Kf4 Kg7 44. Kg5 Kf7 45. Ra7+ Ke6 46.
Kxg6 Ke5 47. Re7+ Kd6 48. Kf6 f4 49. f3 Kd5 50. Re4 Kd6 51. Rd4+ Kc5 52. Ke5 Kc6
53. Rc4+ Kb5 54. Kd5 Ka5 55. Kc5 Ka6 56. Ra4+ Kb7 57. Ra1 Kc7 58. Ra7+ Kd8 59.
Kc6 Ke8 60. Kd6 Kf8 61. Ke6 Kg8 62. Kf6 Kf8 63. Ra8# 1-0

[Event "English Online Blitz Gp2"]
[Site "chess.com INT"]
[Date "2020.05.09"]
[Round "4"]
[White "Haydon, David L"]
[Black "Nikolovski, Nikola"]
[Result "0-1"]
[WhiteTitle "FM"]
[BlackTitle "IM"]
[WhiteElo "2294"]
[BlackElo "2454"]
[WhiteFideId "415405"]
[BlackFideId "15002314"]
[EventDate "2020.05.09"]
[EventType "blitz"]

1. Nf3 f5 2. g3 Nf6 3. d4 e6 4. Bg2 Be7 5. c4 O-O 6. O-O d6 7. Nc3 a5 8. Qc2 Nc6
9. Rd1 Qe8 10. d5 Nb4 11. Qb3 e5 12. Nb5 Bd8 13. Bd2 Na6 14. Bxa5 Nc5 15. Qc3 b6
16. Bb4 Nce4 17. Qc2 f4 18. Nc3 Nxc3 19. Bxc3 Qh5 20. b4 Bh3 21. c5 bxc5 22.
bxc5 Ng4 23. c6 fxg3 24. hxg3 Bxg2 25. Kxg2 Rxf3 26. exf3 Qh2+ 27. Kf1 Ne3+ 28.
fxe3 Qxc2 29. Be1 Bg5 30. Bf2 Rf8 31. Rac1 Qxa2 32. f4 exf4 33. exf4 Bxf4 34.
Ra1 Qc4+ 35. Kg2 Qe4+ 36. Kg1 Be3 37. Ra2 Bxf2+ 38. Rxf2 Qe3 39. Rf1 Rxf2 40.
Rxf2 Qxg3+ 41. Kf1 Qd3+ 0-1

[Event "English Online Blitz Gp2"]
[Site "chess.com INT"]
[Date "2020.05.09"]
[Round "4"]
[White "Hunt, Adam C"]
[Black "Haria, Ravi"]
[Result "0-1"]
[WhiteTitle "IM"]
[BlackTitle "IM"]
[WhiteElo "2398"]
[BlackElo "2440"]
[WhiteFideId "403970"]
[BlackFideId "415820"]
[EventDate "2020.05.09"]
[EventType "blitz"]

1. e4 e6 2. d4 d5 3. Nc3 Bb4 4. e5 b6 5. Qg4 Bf8 6. Bd2 Ba6 7. Bxa6 Nxa6 8.
O-O-O Qd7 9. h4 Ne7 10. h5 h6 11. Qe2 Nb4 12. g4 O-O-O 13. a3 Nbc6 14. Nf3 Kb7
15. Na2 a5 16. Qd3 f6 17. Rhe1 fxe5 18. dxe5 Nc8 19. Nc3 Be7 20. Ne2 Bc5 21. Be3
Bxe3+ 22. Qxe3 Rhf8 23. Nh4 N8e7 24. f4 a4 25. Nf3 Na5 26. b3 c5 27. Kb2 Qb5 28.
Ka2 d4 29. Qd3 Qxd3 30. Rxd3 Nd5 31. bxa4 Nxf4 32. Nxf4 Rxf4 33. Nd2 Rdf8 34. g5
hxg5 35. Ne4 Rg4 36. Rh1 Rg2 37. Rf1 Rxf1 0-1

[Event "English Online Blitz Gp2"]
[Site "chess.com INT"]
[Date "2020.05.09"]
[Round "4"]
[White "Varney, Zoe"]
[Black "Pein, Malcolm"]
[Result "0-1"]
[BlackTitle "IM"]
[WhiteElo "1917"]
[BlackElo "2309"]
[WhiteFideId "436135"]
[BlackFideId "400289"]
[EventDate "2020.05.09"]
[EventType "blitz"]

1. e4 e5 2. Nf3 d6 3. d4 exd4 4. Nxd4 Nf6 5. Bd3 g6 6. Nc3 Bg7 7. O-O O-O 8. Be3
Nc6 9. Nxc6 bxc6 10. Qd2 Re8 11. Bh6 Rb8 12. Bxg7 Kxg7 13. b3 d5 14. exd5 cxd5
15. Rae1 Bb7 16. Rxe8 Qxe8 17. Re1 Qd7 18. Be2 d4 19. Nd1 Ne4 20. Qf4 Re8 21.
Bd3 f5 22. f3 Qd6 23. Qxd6 Nxd6 24. Rxe8 Nxe8 25. c3 c5 26. cxd4 cxd4 27. Nb2
Nd6 28. Nc4 Nxc4 29. Bxc4 Kf6 30. Kf2 f4 31. Ke2 Ke5 32. Kd3 g5 33. Bb5 h5 34.
Bc4 g4 35. Ke2 h4 36. Kf2 g3+ 37. hxg3 fxg3+ 38. Ke2 Kf4 39. Be6 Bxf3+ 40. gxf3
d3+ 41. Ke1 d2+ 42. Kxd2 g2 0-1

[Event "English Online Blitz Gp2"]
[Site "chess.com INT"]
[Date "2020.05.09"]
[Round "4"]
[White "Norinkeviciute, Rasa"]
[Black "Harvey, Derek"]
[Result "1-0"]
[WhiteTitle "WFM"]
[WhiteElo "2010"]
[BlackElo "1551"]
[WhiteFideId "12801925"]
[BlackFideId "467693"]
[EventDate "2020.05.09"]
[EventType "blitz"]

1. d4 Nf6 2. Bf4 e6 3. e3 d5 4. c3 c5 5. Nf3 Nc6 6. Bd3 Bd7 7. Nbd2 Rc8 8. a3
cxd4 9. exd4 Be7 10. h3 O-O 11. Qc2 Qb6 12. O-O Na5 13. b4 Nc4 14. Nxc4 dxc4 15.
Be2 Bc6 16. Ne5 Be4 17. Qd2 Bd5 18. Qe3 Bd6 19. a4 Bxe5 20. Bxe5 Nd7 21. a5 Qc6
22. Qg3 Nxe5 23. dxe5 Qc7 24. f4 f6 25. Rad1 Rcd8 26. Qe3 fxe5 27. fxe5 Rxf1+
28. Rxf1 b6 29. axb6 Qxb6 30. Qf2 Rf8 31. Qxb6 axb6 32. Rxf8+ Kxf8 33. Kf2 Ke7
34. g3 Kd7 35. Ke3 Kc6 36. Kd4 Kb5 37. Bg4 Ka4 38. Bh5 Kb3 39. Be2 Kc2 40. Bxc4
Bxc4 41. Kxc4 Kd2 42. Kd4 Ke2 43. Ke4 Kf2 44. Kf4 Kg2 45. h4 Kh3 46. c4 h6 47.
h5 g5+ 48. hxg6 1-0

[Event "English Online Blitz Gp2"]
[Site "chess.com INT"]
[Date "2020.05.09"]
[Round "4"]
[White "Greet, Andrew N"]
[Black "Claridge-Hansen, William"]
[Result "0-1"]
[WhiteTitle "IM"]
[BlackTitle "FM"]
[WhiteElo "2417"]
[BlackElo "2290"]
[WhiteFideId "405817"]
[BlackFideId "422509"]
[EventDate "2020.05.09"]
[EventType "blitz"]

1. e4 c5 2. d4 cxd4 3. c3 d3 4. Bxd3 g6 5. c4 Bg7 6. Nf3 Nc6 7. O-O d6 8. h3 Nf6
9. Nc3 Nd7 10. Bd2 O-O 11. Rc1 Nc5 12. Bg5 h6 13. Bh4 Be6 14. b3 Nxd3 15. Qxd3
Qa5 16. Nd5 Rfe8 17. Qd2 Qxd2 18. Nxd2 g5 19. Bg3 Nd4 20. Nc7 Ne2+ 21. Kh2 Nxc1
22. Rxc1 Bd4 23. Nf3 Bc5 24. e5 Rac8 25. Nxe8 Rxe8 26. exd6 exd6 27. Rd1 f5 28.
Kg1 f4 29. Bh2 Bf5 30. g3 Bxh3 31. gxf4 Re2 32. Bg3 gxf4 33. Bh4 Bg4 34. Kg2
Rxa2 35. Rd3 Kf7 36. Nh2 Bf5 37. Rd1 Bc2 38. Re1 Bxb3 39. Re7+ Kf8 40. Rxb7 Bxc4
41. Kh3 Be6+ 42. Kg2 Bd5+ 0-1

[Event "English Online Blitz Gp2"]
[Site "chess.com INT"]
[Date "2020.05.09"]
[Round "4"]
[White "Grieve, Harry"]
[Black "Reimanis, Ritvars"]
[Result "1-0"]
[WhiteTitle "FM"]
[BlackTitle "FM"]
[WhiteElo "2355"]
[BlackElo "2421"]
[WhiteFideId "426520"]
[BlackFideId "11602988"]
[EventDate "2020.05.09"]
[EventType "blitz"]

1. e4 c5 2. Nf3 Nc6 3. d4 cxd4 4. Nxd4 Nf6 5. Nc3 e5 6. Ndb5 d6 7. Bg5 a6 8. Na3
b5 9. Nd5 Be7 10. Bxf6 Bxf6 11. c3 Bg5 12. Nc2 Rb8 13. Be2 O-O 14. O-O a5 15.
Nce3 Bxe3 16. Nxe3 Be6 17. Bg4 b4 18. Qa4 Bxg4 19. Qxc6 Be6 20. c4 Rc8 21. Qb5
Rc5 22. Qa6 Qc7 23. Rfd1 Rc6 24. Qb5 Rb8 25. Nd5 Bxd5 26. Qxd5 Rxc4 27. Qxd6
Qxd6 28. Rxd6 Rxe4 29. Ra6 Re2 30. Rxa5 Rxb2 31. Rxe5 Ra8 32. Rb5 g6 33. g4 Rc8
34. Rd1 Rc1 35. Rxc1 Rxa2 36. Rxb4 Kg7 37. Rb7 Ra4 38. h3 Rf4 39. Kg2 h5 40. Kg3
g5 41. gxh5 Rf6 42. Rcc7 Kh6 43. Rxf7 g4 44. Rxf6+ Kg5 45. Rbb6 gxh3 46. f4+
Kxh5 47. Rh6# 1-0

[Event "English Online Blitz Gp2"]
[Site "chess.com INT"]
[Date "2020.05.09"]
[Round "4"]
[White "Chow, Samuel"]
[Black "Arkell, Keith C"]
[Result "1-0"]
[WhiteTitle "FM"]
[BlackTitle "GM"]
[WhiteElo "2345"]
[BlackElo "2429"]
[WhiteFideId "3202992"]
[BlackFideId "400270"]
[EventDate "2020.05.09"]
[EventType "blitz"]

1. d4 e6 2. g3 c5 3. Nf3 cxd4 4. Nxd4 Nc6 5. Bg2 Nf6 6. O-O Bc5 7. Nb3 Be7 8.
Nc3 b6 9. e4 Rb8 10. f4 e5 11. Nd5 Ba6 12. Re1 O-O 13. fxe5 Nxe5 14. Bf4 d6 15.
Nd4 Nxd5 16. exd5 Bf6 17. Bxe5 Bxe5 18. Nc6 Qd7 19. Nxb8 Rxb8 20. c3 b5 21. Qe2
Rb6 22. Qe4 g6 23. a3 Bb7 24. Qd3 a5 25. Qe3 Qd8 26. Qd2 Bc8 27. Rf1 Bd7 28.
Rae1 f6 29. Be4 Kg7 30. Qe3 Rb8 31. h4 h5 32. Kg2 b4 33. axb4 axb4 34. Ra1 bxc3
35. bxc3 Rb3 36. Rfc1 Be8 37. Ra7+ Bf7 38. Qd2 f5 39. Bf3 Qb6 40. Ra2 Qc5 41. c4
Qb6 42. Rac2 Rb1 43. Qg5 Rxc1 44. Qxc1 Qd4 45. Qd2 Qc5 46. Qf2 Qa3 47. c5 dxc5
48. Qxc5 Qd3 49. Qc4 Qe3 50. Re2 Qd4 51. Qxd4 Bxd4 52. d6 Bb6 53. d7 Kf8 54. Bc6 1-0

[Event "English Online Blitz Gp2"]
[Site "chess.com INT"]
[Date "2020.05.09"]
[Round "4"]
[White "Rendle, Thomas E"]
[Black "Westwood, Richard D"]
[Result "1-0"]
[WhiteTitle "IM"]
[WhiteElo "2365"]
[BlackElo "2080"]
[WhiteFideId "408760"]
[BlackFideId "412406"]
[EventDate "2020.05.09"]
[EventType "blitz"]

1. e4 c6 2. Nc3 d5 3. Nf3 Bg4 4. h3 Bh5 5. Be2 e6 6. O-O Nf6 7. exd5 cxd5 8. Ne5
Bxe2 9. Qxe2 Nc6 10. d3 Nxe5 11. Qxe5 Bd6 12. Qe2 O-O 13. Bg5 Be7 14. d4 Qb6 15.
Qd3 Qxb2 16. Rab1 Qa3 17. Rxb7 Rfc8 18. Rb3 Qa5 19. Rfb1 h6 20. Bh4 Bf8 21. Bxf6
gxf6 22. a3 Bg7 23. Ne2 Qc7 24. c3 a5 25. a4 Ra7 26. Qf3 f5 27. Nf4 Qe7 28. Nd3
Qg5 29. Nc5 Bf8 30. Nd3 Rac7 31. Nf4 Bd6 32. Ne2 Qd2 33. R3b2 Qg5 34. Rb6 Bf8
35. R6b5 Qd2 36. Rxa5 Qc2 37. Rab5 Qxa4 38. g3 Rc4 39. Rb7 Bg7 40. g4 Qc2 41.
gxf5 Qxf5 42. Qxf5 exf5 43. Rd7 Bf6 44. Rxd5 f4 45. Rf5 Bg5 46. Kg2 Kg7 47. h4
Bxh4 48. Rxf4 Bg5 49. Re4 Bd2 50. Rg4+ Kf8 51. Rb6 Bxc3 52. Nxc3 Rxc3 53. Rxh6
R8c7 54. d5 Rd3 55. Rg5 Rd7 56. Rhh5 Ke7 57. Kf1 Rd6 58. Ke2 Rd4 59. Ke3 Rd1 60.
Re5+ Kf8 61. Ref5 f6 62. Rh7 R1xd5 63. Rf4 Kg8 64. Rb7 Rd3+ 65. Ke2 Rd2+ 66. Kf3
R2d3+ 67. Kg2 R3d4 68. Rf3 Kf8 69. Rh3 Kg8 70. Rhh7 Rg4+ 71. Kf3 Rg6 72. Rhc7
Rd8 73. Kf4 Rf8 74. Kf5 Rg5+ 75. Kf4 Rg6 76. Ke4 Rg5 77. f4 Rg4 78. Kf5 Rg1 79.
Rb6 Rf1 80. Rbb7 Rg1 81. Ra7 Rg2 82. Rd7 Rg1 83. Ra6 Rf1 84. Rdd6 Rf7 85. Rxf6
Kg7 86. Rxf7+ Kxf7 87. Ra7+ Kf8 88. Ke5 Re1+ 89. Kf6 Kg8 90. Ra8+ Kh7 91. f5 Rf1
92. Ke6 Re1+ 93. Kf7 Rf1 94. f6 Rf2 95. Ra4 Kh6 96. Ra1 Kg5 97. Rg1+ Kf5 98. Kg7
Rc2 99. f7 Rc7 100. Kg8 1-0

[Event "English Online Blitz Gp2"]
[Site "chess.com INT"]
[Date "2020.05.09"]
[Round "5"]
[White "Regan, Natasha K"]
[Black "Walton, Alan J"]
[Result "0-1"]
[WhiteTitle "WIM"]
[BlackTitle "CM"]
[WhiteElo "1954"]
[BlackElo "2120"]
[WhiteFideId "403067"]
[BlackFideId "409898"]
[EventDate "2020.05.09"]
[EventType "blitz"]

1. Nf3 f5 2. c4 Nf6 3. g3 d6 4. Bg2 e5 5. d3 Be7 6. Nc3 O-O 7. b4 Qe8 8. Bb2 Bd8
9. a4 Nc6 10. b5 Ne7 11. c5 dxc5 12. Qb3+ Kh8 13. Nxe5 Ng6 14. f4 Nxe5 15. fxe5
Ng4 16. Nd5 c6 17. Nf4 Ne3 18. Bf3 cxb5 19. e6 Bf6 20. Bxf6 Rxf6 21. axb5 Bxe6
22. Nxe6 Rxe6 23. Kf2 Ng4+ 24. Kg2 Rxe2+ 25. Bxe2 Qxe2+ 26. Kh3 Ne3 27. Kh4 Qg4# 0-1

[Event "English Online Blitz Gp2"]
[Site "chess.com INT"]
[Date "2020.05.09"]
[Round "5"]
[White "Reimanis, Ritvars"]
[Black "Baker, Chris W"]
[Result "1/2-1/2"]
[WhiteTitle "FM"]
[BlackTitle "IM"]
[WhiteElo "2421"]
[BlackElo "2227"]
[WhiteFideId "11602988"]
[BlackFideId "401676"]
[EventDate "2020.05.09"]
[EventType "blitz"]

1. d4 Nf6 2. c4 g6 3. Nc3 d5 4. cxd5 Nxd5 5. e4 Nxc3 6. bxc3 Bg7 7. Be3 c5 8.
Qd2 O-O 9. Rc1 cxd4 10. cxd4 Nc6 11. Ne2 e6 12. h4 Qa5 13. Qxa5 Nxa5 14. Nc3 b6
15. Be2 Bb7 16. O-O Rac8 17. f3 Rfd8 18. Rfd1 Nc4 19. Bxc4 Rxc4 20. Nb5 Rxc1 21.
Rxc1 a6 22. Rc7 axb5 23. Rxb7 Bxd4 24. Bxd4 Rxd4 25. Rxb6 Ra4 26. Rxb5 Rxa2 27.
h5 Kg7 28. hxg6 hxg6 29. Kh2 1/2-1/2

[Event "English Online Blitz Gp2"]
[Site "chess.com INT"]
[Date "2020.05.09"]
[Round "5"]
[White "Westwood, Richard D"]
[Black "Neale, George"]
[Result "0-1"]
[WhiteElo "2080"]
[BlackElo "1734"]
[WhiteFideId "412406"]
[BlackFideId "443174"]
[EventDate "2020.05.09"]
[EventType "blitz"]

1. d4 d5 2. c4 e6 3. Nc3 Nf6 4. cxd5 exd5 5. Nf3 Be7 6. Bf4 a6 7. e3 O-O 8. Bd3
Bg4 9. O-O Nbd7 10. h3 Bh5 11. g4 Nxg4 12. hxg4 Bxg4 13. Be2 Bd6 14. Bxd6 cxd6
15. Nh2 Bh3 16. Re1 Qg5+ 17. Bg4 h5 18. f4 Qg6 19. Kf2 hxg4 20. Kg3 Nf6 21. Nf1
Ne4+ 22. Nxe4 Qxe4 23. Qe2 Bxf1 24. Rxf1 g6 25. Rae1 Kg7 26. Qg2 Qxg2+ 27. Kxg2
Rh8 28. Rc1 Rac8 29. Kg3 Rxc1 30. Rxc1 Rh3+ 31. Kf2 g3+ 32. Kf3 Rh2 33. Rb1 g2
34. Kf2 Rh1 35. Rg1 Rxg1 36. Kxg1 f6 37. Kxg2 g5 38. Kf3 Kg6 39. Kg4 f5+ 40. Kg3
g4 41. Kh4 Kh6 42. b3 b5 43. b4 Kg6 44. a3 Kh6 45. Kg3 Kh5 46. Kg2 Kh4 47. Kf2
g3+ 48. Kg1 Kh3 0-1

[Event "English Online Blitz Gp2"]
[Site "chess.com INT"]
[Date "2020.05.09"]
[Round "5"]
[White "Zabrocki, Philip"]
[Black "Haydon, David L"]
[Result "0-1"]
[BlackTitle "FM"]
[WhiteElo "1948"]
[BlackElo "2294"]
[WhiteFideId "426873"]
[BlackFideId "415405"]
[EventDate "2020.05.09"]
[EventType "blitz"]

1. e4 c6 2. d4 d5 3. e5 Bf5 4. h4 h5 5. Bg5 Qb6 6. Bd3 Bxd3 7. Qxd3 Qxb2 8. e6
Nf6 9. Nf3 Ne4 10. O-O f6 11. Bf4 Qb5 12. Qxb5 cxb5 13. Na3 a6 14. Nd2 Nxd2 15.
Bxd2 Nc6 16. c3 g6 17. Nc2 O-O-O 18. a4 bxa4 19. Rxa4 Rd6 20. Re1 Bh6 21. Bxh6
Rxh6 22. Raa1 g5 23. Ne3 Rxe6 24. Nxd5 Rxe1+ 25. Rxe1 Rh7 26. hxg5 fxg5 27. Re6
Rg7 28. Ne3 a5 29. d5 Nd8 30. Rh6 a4 31. Nf5 a3 32. Nd4 a2 33. Nb3 Rf7 34. Rxh5
Rf5 35. c4 b5 36. Na1 bxc4 37. Rh3 Rxd5 38. Nc2 Rd1+ 39. Kh2 Rc1 40. Na1 Rxa1 0-1

[Event "English Online Blitz Gp2"]
[Site "chess.com INT"]
[Date "2020.05.09"]
[Round "5"]
[White "Longson, Sarah N"]
[Black "Buckley, Colm"]
[Result "1-0"]
[WhiteTitle "WFM"]
[WhiteElo "2039"]
[BlackElo "1920"]
[WhiteFideId "2501465"]
[BlackFideId "2505916"]
[EventDate "2020.05.09"]
[EventType "blitz"]

1. e4 e6 2. d4 d5 3. Nd2 c5 4. c3 Nc6 5. Ngf3 Nf6 6. e5 Nd7 7. Bd3 Be7 8. O-O a6
9. Re1 b5 10. dxc5 Nxc5 11. Bc2 Bb7 12. Qe2 Qc7 13. a4 bxa4 14. Bxa4 Nxa4 15.
Rxa4 a5 16. Nb3 Ba6 17. Qe3 Bb5 18. Ra1 O-O 19. Nbd4 Nxd4 20. Nxd4 Ba6 21. Bd2
Bc5 22. Qg3 Bxd4 23. cxd4 Rfb8 24. Bh6 g6 25. Qh4 Qd8 26. Bg5 Qf8 27. Bf6 Bc4
28. Re3 Rxb2 29. Rh3 h5 30. g4 Be2 31. gxh5 Bxh5 32. Qg5 Rab8 33. Rxh5 Rb1+ 34.
Rxb1 Rxb1+ 35. Kg2 1-0

[Event "English Online Blitz Gp2"]
[Site "chess.com INT"]
[Date "2020.05.09"]
[Round "5"]
[White "Harvey, Marcus R"]
[Black "Pert, Richard G"]
[Result "1-0"]
[WhiteTitle "FM"]
[BlackTitle "IM"]
[WhiteElo "2440"]
[BlackElo "2416"]
[WhiteFideId "400092"]
[BlackFideId "404748"]
[EventDate "2020.05.09"]
[EventType "blitz"]

1. d4 d5 2. c4 e6 3. Nc3 c5 4. cxd5 cxd4 5. Qxd4 Nc6 6. Qd1 exd5 7. e3 Nf6 8.
Nf3 Bd6 9. Be2 O-O 10. O-O Re8 11. b3 Bg4 12. Bb2 Rc8 13. Nb5 Bb8 14. Rc1 Ne4
15. Nc3 Bxf3 16. Bxf3 Qh4 17. g3 Nxg3 18. fxg3 Bxg3 19. hxg3 Qxg3+ 20. Bg2 Qxe3+
21. Rf2 Nd4 22. Kf1 Re5 23. Nxd5 Rxc1 24. Bxc1 Qg3 25. Qxd4 h5 26. Bf4 Rxd5 27.
Qxd5 Qc3 28. Be4 Qa1+ 29. Kg2 g6 30. Be5 1-0